000 00306nam a2200121Ia 4500
005 20251222144734.0
008 251222s9999||||xx |||||||||||||| ||spa||
082 _a780.985.25/E92
100 _aEstenssoro, Juan Carlos
245 0 _aMúsica y Sociedad Coloniales
264 _bColmillo Blanco
942 _cLIB
999 _c18690
_d18690